000 00329nam a2200133Ia 4500
008 240624s9999 xx 000 0 und d
041 _aeng
082 _a153.94 SHA
100 _aSHARMA ARUN
245 _aHOW TO PREPARE FOR VERBAL ABILITY AND RE
250 _a(7th ed.)
260 _c2017
_aChennai
_bMcgraw Hill
365 _cRS
999 _c29842
_d29842